Catálogo
 En Linea

Discurso pronunciado por el Lic. Roberto Santana en el acto de proclamación oficial de su candidatura a rector de la UASD por el movimiento profesoral de transformación universitaria, 15 de diciembre de 1992 / (Registro nro. 27946)

Detalles MARC
000 -CABECERA
campo de control de longitud fija 00634nam a2200145 a 4500
001 - NÚMERO DE CONTROL
campo de control 000028454
005 - FECHA Y HORA DE LA ÚLTIMA TRANSACCIÓN
campo de control 20200930054943.0
008 - DATOS DE LONGITUD FIJA--INFORMACIÓN GENERAL
campo de control de longitud fija 110408s1992 dr r 000 0 spa d
040 ## - FUENTE DE LA CATALOGACIÓN
Centro catalogador/agencia de origen DO-SdBNP
Centro/agencia transcriptor BNPHU
082 ## - NÚMERO DE LA CLASIFICACIÓN DECIMAL DEWEY
Número de clasificación xxxx
Número de documento/Ítem S232d
100 1# - ENTRADA PRINCIPAL--NOMBRE DE PERSONA
Nombre de persona Santana, Roberto
9 (RLIN) 55414
245 10 - MENCIÓN DE TÍTULO
Título Discurso pronunciado por el Lic. Roberto Santana en el acto de proclamación oficial de su candidatura a rector de la UASD por el movimiento profesoral de transformación universitaria, 15 de diciembre de 1992 /
Mención de responsabilidad, etc. Roberto Santana.
260 ## - PUBLICACIÓN, DISTRIBUCIÓN, ETC.
Lugar de publicación, distribución, etc. Santo Domingo :
Nombre del editor, distribuidor, etc. Movimiento Profecional de Transformación Universitaria,
Fecha de publicación, distribución, etc. 1992.
300 ## - DESCRIPCIÓN FÍSICA
Extensión 11 p. :
Otras características físicas 21 cm.
Existencias
Estado de retiro Estado de pérdida Restricciones de uso No para préstamo Código de colección Localización permanente Ubicación/localización actual Ubicación en estantería Fecha de adquisición Número de inventario Total de préstamos Signatura topográfica completa Código de barras Fecha visto por última vez Precio válido a partir de Tipo de ítem Koha
        Patrimonio Dominicano Patrimonio Dominicano Patrimonio Dominicano En catalogación 08.04.2011 LF1   xxxx S232d 28454-10 25.06.2020 25.06.2020 Libro y Folleto Colección Patrimonio Dominicano

Con tecnología Koha